Biomass (E-BooK) (Record no. 192308)
[ view plain ]
| 000 -LEADER | |
|---|---|
| fixed length control field | 01107 a2200145 4500 |
| 003 - CONTROL NUMBER IDENTIFIER | |
| control field | Nust |
| 005 - DATE AND TIME OF LATEST TRANSACTION | |
| control field | 20170207154034.0 |
| 040 ## - CATALOGING SOURCE | |
| Transcribing agency | Nust |
| 100 ## - MAIN ENTRY--PERSONAL NAME | |
| Personal name | Maggie Momba and Faizal Bux |
| 245 ## - TITLE STATEMENT | |
| Title | Biomass (E-BooK) |
| Statement of responsibility, etc. | Maggie Momba and Faizal Bux |
| 260 ## - PUBLICATION, DISTRIBUTION, ETC. | |
| Place of publication, distribution, etc. | India |
| Name of publisher, distributor, etc. | Sciyo |
| Date of publication, distribution, etc. | © 2010 |
| 300 ## - PHYSICAL DESCRIPTION | |
| Extent | 210 P; |
| 505 ## - FORMATTED CONTENTS NOTE | |
| Formatted contents note | Cordgrass Biomass in Coastal Marshes page-1 Measurement and Assessment Methods of Forest Aboveground Biomass: A Literature Review and the Challenges Ahead page-27 Remote Characterization of Biomass Measurements: Case Study of Mangrove Forests page-65 Bacillus Thuringiensis δ - Endotoxins Production. page-79 Current Status of Woody Biomass Utilization in ASEAN Countries page-113 Electricity Generation by Photosynthetic Biomass page-125 Microalgae-based Systems for Carbon Dioxide Sequestration and Industrial Biorefi neries page-135 Production of Chemicals from Selective Fast Pyrolysis of Biomass page-147 Supercritical Water Gasifi cation of Biomass and Organic Wastes page-165 Wastewater Protozoan-Driven Environmental Processes for the Protection of Water Sources page-183 |
| 651 ## - SUBJECT ADDED ENTRY--GEOGRAPHIC NAME | |
| Geographic name | (E-Book) |
| 942 ## - ADDED ENTRY ELEMENTS (KOHA) | |
| Source of classification or shelving scheme | |
| Koha item type | Book |
| Withdrawn status | Lost status | Source of classification or shelving scheme | Damaged status | Not for loan | Collection code | Permanent Location | Current Location | Date acquired | Total Checkouts | Barcode | Date last seen | Price effective from | Koha item type |
|---|---|---|---|---|---|---|---|---|---|---|---|---|---|
| Military College of Signals (MCS) | Military College of Signals (MCS) | 12/12/2016 | MCSEB-1484 | 12/08/2016 | 12/12/2016 | Book |
